Banková odysea
Historický pohľad na vznik bankovníctva. Prvé integrované bankové systémy v Európe. Zmenkár ako samostatné povolanie. Prví európski bankári a vznik prvých búrz. Vznik bankového života na Slovensku. Dvojokruhový systém na Slovensku.
Enregistré dans:
| Auteur principal: | |
|---|---|
| Autres auteurs: | |
| Format: | Chapitre de livre |
| Langue: | slovaque |
| Sujets: | |
| Tags: |
Pas de tags, Soyez le premier à ajouter un tag!
|
MARC
| LEADER | 00000naa a2200000 4500 | ||
|---|---|---|---|
| 001 | r047419 | ||
| 005 | 20230920080838.7 | ||
| 041 | 0 | |a slo | |
| 044 | |a SK | ||
| 245 | 1 | 0 | |a Banková odysea |c Jozef Brna, Martina Kusovská |
| 520 | |a Historický pohľad na vznik bankovníctva. Prvé integrované bankové systémy v Európe. Zmenkár ako samostatné povolanie. Prví európski bankári a vznik prvých búrz. Vznik bankového života na Slovensku. Dvojokruhový systém na Slovensku. | ||
| 610 | 2 | 0 | |a bankovníctvo |
| 610 | 2 | 0 | |a banky |
| 610 | 2 | 0 | |a história |
| 610 | 2 | 0 | |a akcionári |
| 610 | 2 | 0 | |a Slovensko |
| 100 | 1 | |a Brna, Jozef | |
| 700 | 1 | |a Kusovská, Martina | |